| 000 | 03375nam a2200349 i 4500 | ||
|---|---|---|---|
| 003 | DO-SdBNP | ||
| 005 | 20241030141145.0 | ||
| 007 | ta | ||
| 008 | 241018s2012 dr ao 000 0 spa d | ||
| 020 | _a9789945404463 | ||
| 040 |
_aDO-SdBNP _bspa _cBNPHU _erda |
||
| 082 |
_a972.9302 _bP953 2012 _222 |
||
| 245 | 1 | 0 |
_aPrimicias de América en la República Dominicana / _ctextos y asesoría histórica : Raymundo González, María Ugarte ; colaboración especial : Manuel Salvador Gautier ; fotografía : Kutty Reyes, José Alney Uribe ; corrección de estilo : León Félix Batista, Rafael Martínez Alés ; diseño y arte final : Carmen Nova |
| 264 | 1 |
_aSanto Domingo : _bMinisterio de Cultura _c2012. |
|
| 300 |
_a94 páginas, _bilustraciones, fotografías _c28 cm. |
||
| 336 |
_2rdacontent _atexto _btxt |
||
| 337 |
_2rdamedia _asin mediación _bn |
||
| 338 |
_2rdacarrier _avolumen _bnc |
||
| 505 |
_tPrimer Almirante de La Mar Océana, Primer Virrey y primer gobernador de las Indias -- _tPrimera misa oficiada en América -- _tPrimera exploración europea del territorio americano o “Camino de los Hidalgos” -- _tPrimera villa europea en América -- _tPrimer catequista y alfabetizador de los indios en América -- _tPrimer cabildo de América -- _tPrimer Santiago de América -- _tPrimeras monedas metálicas que circularon y se acuñaron en América -- _tEl Santo Cerro, primer santuario de América -- _tPrimer indígena, bautizado en América -- _tSanto Domingo, primera capital de Las Indias -- _tPrimer libro en castellano escrito en América -- _tPrimer hospital en América -- _tPrimeras sedes de órdenes religiosas en América -- _tPrimeros pobladores negros de América -- _tPrimer monasterio de América -- _tPrimera casa de comercio trasatlántico en América -- _tPrimera fortaleza de estilo medieval en América -- _tPrimeros escudos de armas concedidos a ciudades americanas -- _tPrimera cepa de plátano plantada en América -- _tPrimer azúcar elaborado en América -- _tPrimera diócesis y arquidiócesis de América -- _tPrimeras Casas Reales en América -- _tPrimera corte virreinal en América -- _tPrimer clamor por la justicia en América -- _tPrimera Real Audiencia de América -- _tPrimeras rebeliones indígenas por la libertad en América -- _tPrimera revuelta de esclavos negros en América -- _tVirgen de la Antigua: Primera pintura Europea en América -- _tPrimera Atarazana a usanza Europea de América -- _tPrimer acuerdo de paz en América -- _tPrimera universidad de América -- _tBasílica Catedral Metropolitana de Santo Domingo, Santa María de la Encarnación, Primada de América, / |
||
| 590 | _aInventariado, 2024/ YL | ||
| 650 | 4 |
_aMonumentos coloniales _zRepública Dominicana _986726 |
|
| 700 |
_4tex. _aGonzález, Raymundo _etextos y asesoría histórica _96373 |
||
| 700 | 1 |
_4tex. _aUgarte, María _d1914-2011 _etextos y asesoría histórica _924078 |
|
| 700 |
_4col. _aGautier, Manuel Salvador _ecolaboración especial _914947 |
||
| 700 |
_4fot. _aReyes, Kutty _efotografía _981107 |
||
| 700 |
_4fot. _aAlney Uribe, José _efotografía _986727 |
||
| 700 |
_4corr. _aFélix Batista, León _ecorrección de estilo _985096 |
||
| 700 |
_4corr. _aMartínez Alés, Rafael _ecorrección de estilo _95738 |
||
| 700 |
_4dis. _aNova, Carmen _ediseño y arte final _986728 |
||
| 910 | _aYLockward | ||
| 942 |
_2ddc _cLBS1 |
||
| 999 |
_c57906 _d57906 |
||